Statistics for Longest Running Musicals Ever on Broadway

Click here to take the quiz!

General Stats

  • This quiz has been taken 478 times
  • The average score is 12 of 25

Answer Stats

Hint Answer % Correct
9451Phantom of the Opera
93%
7485Cats
89%
5365Lion King
81%
6680Les Miserables
78%
2889Wicked
75%
5780Chicago
73%
5123Rent
61%
2377Annie
54%
2642Hairspray
52%
3728Mamma Mia!
51%
6137A Chorus Line
49%
2377Cabaret
46%
3388Grease
46%
2717My Fair Lady
45%
5461Beauty and the Beast
44%
4097Miss Saigon
42%
3242Fiddler on the Roof
41%
2534Avenue Q
35%
2502The Producers
34%
2844Hello, Dolly!
30%
348642nd Street
29%
5959Oh! Calcutta!
21%
2328Man of La Mancha
14%
3224Life with Father
7%
3182Tobacco Road
7%

Score Distribution

Percentile by Number Answered

Percent of People with Each Score

Your Score History

You have not taken this quiz